[Event "ITA-ch blind 46th"]
[Site "Grisolia Lido"]
[Date "2018.09.04"]
[Round "2.4"]
[White "Rivalta, Paolo"]
[Black "Raffi, Francesco"]
[Result "0-1"]
[WhiteElo "1440"]
[BlackElo "1440"]
[PlyCount "48"]
[EventDate "2018.09.03"]
[EventType "swiss"]
[EventRounds "6"]
[EventCountry "ITA"]
[SourceTitle "EXT 2024"]
[Source "ChessBase"]
[SourceDate "2023.10.10"]
[SourceVersion "1"]
[SourceVersionDate "2023.10.10"]
[SourceQuality "1"]

1. e4 e5 2. Nf3 Nc6 3. Bb5 d6 4. d4 exd4 5. Qxd4 Bd7 6. Qd3 Nf6 7. Nc3 g6 8. 0-0 Bg7 9. Bg5 0-0 10. Rfe1 Re8 11. Nd5 a6 12. Bc4 Na5 13. e5 dxe5 14. Nxe5 Be6 15. h4 Nxc4 16. Qxc4 Bxd5 17. Qf4 Qd6 18. Rad1 Nh5 19. Qe3 Rxe5 20. Qd2 Rxe1+ 21. Rxe1 Be5 22. f4 Nxf4 23. Qe3 h6 24. Qg3 Qc6 0-1